000 00919nam a2200205Ia 4500
999 _c35438
_d35438
001 1296
003 GE_BSU
005 20250429173613.0
008 181216s1976||||ge |||||||||||||| ||geo||
040 _cGE_BSU
041 _ageo
080 _a633/635(075.8) ხ-12
100 _aხაბეიშვილი, ვ.
_924973
245 _aსუბტროპიკული კულტურების აგრონომიის საფუძვლები :
_b [სახელმძღვ. სუბტროპ. მეურნ. ინ-ტის სტუდენტებისათვის] /
_cვ. ხაბეიშვილი.
264 _aთბილისი :
_bგანათლება,
_c1976.
300 _a454 გვ.
_b21 სმ.
541 _h15 ლ.
653 _aსუბტროპიკული კულტურების აგრონომია
942 _cBK
_2udc